| 000 | 00473nmm a2200169Ia 4500 | ||
|---|---|---|---|
| 008 | 251105s9999||||xx |||||||||||||||||und|| | ||
| 020 | _a9788475229883 | ||
| 041 | _aspa | ||
| 100 | _aMilán, Eduardo | ||
| 245 | 0 | _aRazón de amor y acto de fe | |
| 264 |
_a[Madrid, España] : _bVisor Libros, _c2001 |
||
| 300 | _a88 páginas | ||
| 490 | _aVisor de Poesía | ||
| 650 | _aLatin American poetry | ||
| 856 | _uhttps://public.digitaliapublishing.com/a/76816 | ||
| 942 | _cCF | ||
| 999 |
_c85066 _d85066 |
||